Skład reprezentacji Polski w meczu Słowacja-Polska na mapie - Statystyki

Ogólne statystyki
  • Ten quiz został rozwiązany 687 razy
  • Średni wynik to 8 z 11
Odpowiedzi na mapie
Odpowiedzi zakodowano w zielono-czerwonej skali na mapie do tego quizu, zgodnie z poniższymi procentami.
 
Statystyki odpowiedzi
Nr Piłkarz % Poprawnych
9 Robert Lewandowski
99%
1 Wojciech Szczęsny
99%
10 Grzegorz Krychowiak
91%
15 Kamil Glik
89%
20 Piotr Zieliński
85%
5 Jan Bednarek
83%
18 Bartosz Bereszyński
73%
8 Karol Linetty
67%
13 Maciej Rybus
60%
21 Kamil Jóźwiak
50%
14 Mateusz Klich
46%
Nie znaleziono quizów pasujących do podanych kryteriów
Rozkład punktacji
Procent ludzi z każdym wynikiem
Percentyl według liczby udzielonych odpowiedzi
Twoja historia wyników
Nie rozwiązałeś tego quizu